[Event "Titled Tuesday intern op 16th Apr Early"]
[Site "Chess.com INT"]
[Date "2024.04.16"]
[Round "4"]
[White "Hristodoulou, Panagiotis"]
[Black "Xu, Yi"]
[Result "1/2-1/2"]
[WhiteElo "2376"]
[BlackElo "2495"]
[PlyCount "162"]
[EventDate "2024.04.16"]
[EventType "swiss (blitz)"]
[EventRounds "11"]
[EventCountry "USA"]
[SourceTitle "CB17_2024"]
[SourceDate "2024.04.24"]
[SourceVersion "1"]
[SourceVersionDate "2024.04.24"]
[SourceQuality "1"]

1. e4 c5 2. Nf3 Nc6 3. d4 cxd4 4. Nxd4 e6 5. Nc3 Qc7 6. Qd3 a6 7. Nxc6 Qxc6 8. Qg3 b5 9. Bd3 Bb7 10. Bd2 Ne7 11. h4 h5 12. 0-0-0 Ng6 13. f4 0-0-0 14. Kb1 Qc7 15. e5 Ne7 16. Qf2 Nd5 17. Nxd5 Bxd5 18. Rc1 Bc5 19. Qe2 Bc6 20. b4 Be7 21. c4 Qb7 22. cxb5 axb5 23. Rc3 Kb8 24. Ra3 Rc8 25. Be3 Bxb4 26. Ra7 Qxa7 27. Bxa7+ Kxa7 28. Rc1 Ba3 29. Rc3 b4 30. Rxa3+ bxa3 31. Qe3+ Ka8 32. Bc4 Rc7 33. Qxa3+ Ra7 34. Qd6 Rc8 35. Bb3 Bxg2 36. Kb2 g6 37. Qd2 Be4 38. Qd4 Bc6 39. Qd6 Rb8 40. Qe7 d5 41. Qd6 Ba4 42. Qc5 Bd7 43. Qd6 Rc8 44. Qb4 Bc6 45. Qd6 Bb7 46. Qb4 Ra6 47. Qe7 Rac6 48. Qxf7 d4 49. Qd7 d3 50. Qxd3 Rf8 51. Qxg6 Rxf4 52. Qxh5 Rf2+ 53. Ka3 Rb6 54. Qe8+ Ka7 55. Qd8 Ra6+ 56. Kb4 Rf4+ 57. Kc3 Rc6+ 58. Kd2 Rf2+ 59. Ke3 Rh2 60. Qa5+ Kb8 61. Qd8+ Bc8 62. Qg5 Rc3+ 63. Kd4 Rhh3 64. Qg6 Rcf3 65. Bxe6 Rxh4+ 66. Kc5 Rc3+ 67. Kd6 Rd4+ 68. Bd5 Rcd3 69. Qg8 Rxd5+ 70. Qxd5 Rxd5+ 71. Kxd5 Kc7 72. Kc5 Be6 73. a4 Bb3 74. a5 Kb7 75. Kb4 Ba2 76. Ka3 Bf7 77. Kb4 Be6 78. Kc5 Ka6 79. Kd6 Bb3 80. e6 Bxe6 81. Kxe6 Kxa5 1/2-1/2

[Event "Titled Tuesday intern op 16th Apr Early"]
[Site "Chess.com INT"]
[Date "2024.04.16"]
[Round "11"]
[White "Terry, Renato"]
[Black "Xu, Yi"]
[Result "1/2-1/2"]
[WhiteElo "2521"]
[BlackElo "2495"]
[PlyCount "215"]
[EventDate "2024.04.16"]
[EventType "swiss (blitz)"]
[EventRounds "11"]
[EventCountry "USA"]
[SourceTitle "CB17_2024"]
[SourceDate "2024.04.24"]
[SourceVersion "1"]
[SourceVersionDate "2024.04.24"]
[SourceQuality "1"]

1. Nf3 d5 2. c4 e6 3. b3 d4 4. Bb2 c5 5. e3 Nc6 6. a3 e5 7. exd4 exd4 8. d3 Nf6 9. Be2 Bd6 10. 0-0 a5 11. Nbd2 0-0 12. Ng5 Bf5 13. Nge4 Nxe4 14. Nxe4 Bxe4 15. dxe4 Qh4 16. g3 Qxe4 17. Bf3 Qg6 18. Re1 Rfe8 19. Bd5 Rxe1+ 20. Qxe1 Ne5 21. Bxb7 Rb8 22. Bd5 Rxb3 23. Bc1 h5 24. Qxa5 Rb1 25. Qa8+ Bf8 26. Be4 Rxa1 27. Bxg6 Rxc1+ 28. Kg2 Nxg6 29. Qd5 Ra1 30. Qxh5 Rxa3 31. Qd5 Rc3 32. h4 Ne7 33. Qxc5 d3 34. Qd4 Ra3 35. Qd7 Rc3 36. h5 Rxc4 37. Qxd3 Rc5 38. g4 Nd5 39. Qa6 Nf4+ 40. Kf3 Ne6 41. Qa8 Rc3+ 42. Ke4 Rc4+ 43. Kf3 Kh7 44. Qd5 Rd4 45. Qf5+ Kg8 46. Qa5 Rd3+ 47. Ke4 Rd4+ 48. Kf3 Bd6 49. g5 Rd3+ 50. Ke4 Rd4+ 51. Kf3 Rf4+ 52. Ke2 Bf8 53. g6 fxg6 54. hxg6 Rf6 55. Qd5 Rxg6 56. f4 Rf6 57. f5 Rxf5 58. Qxe6+ Rf7 59. Ke3 Be7 60. Ke4 Bf6 61. Kf5 Kf8 62. Kg6 Re7 63. Qd5 Ke8 64. Qd6 Rd7 65. Qc6 Kd8 66. Kf5 Re7 67. Kg6 Re5 68. Kf7 Re7+ 69. Kf8 Re5 70. Qb7 Re7 71. Qd5+ Kc7 72. Kg8 Rd7 73. Qc5+ Kb7 74. Kh7 Rc7 75. Qb5+ Kc8 76. Kg6 Rd7 77. Kf5 Re7 78. Qb6 Kd7 79. Qb7+ Kd6 80. Qb4+ Kd7 81. Qb5+ Kd6 82. Qd3+ Kc6 83. Qc2+ Kd6 84. Qd1+ Kc6 85. Qh1+ Kd6 86. Qh2+ Kc6 87. Qa2 Kd6 88. Kg6 Kc6 89. Qc4+ Kd6 90. Kf5 Re5+ 91. Kf4 Re7 92. Qb4+ Kc6 93. Qa4+ Kd6 94. Qb5 Re5 95. Qb6+ Kd7 96. Kg4 Kc8 97. Qc6+ Kd8 98. Kf4 Ke7 99. Qc7+ Ke8 100. Kf3 Kf8 101. Qc8+ Ke7 102. Kf4 Kd6 103. Qf8+ Kd7 104. Qa8 Kc7 105. Qa7+ Kc6 106. Kf3 Kb5 107. Qc7 Kb4 108. Qc6 1/2-1/2

[Event "Titled Tuesday intern op 16th Apr Early"]
[Site "Chess.com INT"]
[Date "2024.04.16"]
[Round "10"]
[White "Xu, Yi"]
[Black "Vidit, Santosh Gujrathi"]
[Result "1/2-1/2"]
[WhiteElo "2495"]
[BlackElo "2727"]
[PlyCount "79"]
[EventDate "2024.04.16"]
[EventType "swiss (blitz)"]
[EventRounds "11"]
[EventCountry "USA"]
[SourceTitle "CB17_2024"]
[SourceDate "2024.04.24"]
[SourceVersion "1"]
[SourceVersionDate "2024.04.24"]
[SourceQuality "1"]

1. e4 c5 2. Nf3 d6 3. Bb5+ Nd7 4. d4 cxd4 5. Nxd4 Ngf6 6. 0-0 a6 7. Bd3 e6 8. c4 b6 9. Nc3 Bb7 10. Re1 Be7 11. f3 Qc7 12. Be3 Ne5 13. Rc1 0-0 14. Bf1 Rac8 15. b3 Kh8 16. Qd2 Rg8 17. Qf2 g5 18. h3 h5 19. Red1 g4 20. hxg4 hxg4 21. f4 g3 22. Qd2 Neg4 23. Bd3 Qc5 24. Nf5 Nxe3 25. Na4 Qc7 26. Nxe7 Nxd1 27. Nxg8 Rxg8 28. Qxd1 Bc6 29. Nc3 b5 30. Qf3 Qb6+ 31. Kf1 bxc4 32. Bxc4 Qd4 33. Bd3 Ng4 34. Ke2 Nf2 35. Qh5+ Kg7 36. Qg5+ Kf8 37. Qd8+ Kg7 38. Qg5+ Kf8 39. Qd8+ Kg7 40. Qg5+ 1/2-1/2

[Event "Titled Tuesday intern op 02nd Apr Early"]
[Site "Chess.com INT"]
[Date "2024.04.02"]
[Round "7"]
[White "Barria Zuniga, Daniel"]
[Black "Xu, Yi"]
[Result "0-1"]
[WhiteElo "2341"]
[BlackElo "2495"]
[PlyCount "54"]
[EventDate "2024.04.02"]
[EventType "swiss (blitz)"]
[EventRounds "11"]
[EventCountry "USA"]
[SourceTitle "CB15_2024"]
[SourceDate "2024.04.10"]
[SourceVersion "1"]
[SourceVersionDate "2024.04.10"]
[SourceQuality "1"]

1. d4 Nf6 2. c4 e6 3. Nf3 d5 4. Nc3 Bb4 5. Qa4+ Nc6 6. e3 0-0 7. Bd2 Re8 8. Rd1 Bd6 9. h3 a6 10. Bc1 Bd7 11. Qc2 dxc4 12. Bxc4 b5 13. Be2 e5 14. 0-0 e4 15. Ng5 Bf5 16. Nxb5 axb5 17. Qxc6 h6 18. Qxb5 Bg6 19. Bc4 hxg5 20. Qxg5 Kf8 21. f3 exf3 22. Rxf3 Be4 23. Rf2 c6 24. Rdf1 Ra5 25. Rxf6 Rxg5 26. Rxf7+ Kg8 27. Rf8+ Kh7 0-1

[Event "Titled Tuesday intern op 02nd Apr Early"]
[Site "Chess.com INT"]
[Date "2024.04.02"]
[Round "1"]
[White "Ganzhurov, Roman"]
[Black "Xu, Yi"]
[Result "0-1"]
[WhiteElo "2039"]
[BlackElo "2495"]
[PlyCount "94"]
[EventDate "2024.04.02"]
[EventType "swiss (blitz)"]
[EventRounds "11"]
[EventCountry "USA"]
[SourceTitle "CB15_2024"]
[SourceDate "2024.04.10"]
[SourceVersion "1"]
[SourceVersionDate "2024.04.10"]
[SourceQuality "1"]

1. d4 Nf6 2. c4 e6 3. Nc3 Bb4 4. e3 0-0 5. Bd3 d5 6. a3 Bxc3+ 7. bxc3 dxc4 8. Bxc4 c5 9. Ne2 Qc7 10. Bd3 b6 11. e4 Bb7 12. f3 Nc6 13. Be3 e5 14. d5 Ne7 15. c4 Ng6 16. 0-0 Ne8 17. Qd2 Nd6 18. f4 exf4 19. Nxf4 Ne5 20. Nh5 Ndxc4 21. Bxc4 Nxc4 22. Qc3 Qe5 23. Nf6+ gxf6 24. Qxc4 Rfe8 25. Rae1 Qxe4 26. Qc3 Qxd5 27. Rf3 Re5 28. Rg3+ Kf8 29. Rf1 Ke7 30. Bf4 Re6 31. Kh1 Rd8 32. Bh6 Qd4 33. Qc2 Qe4 34. Qf2 Rd3 35. Rg8 Qe2 36. Qf4 Red6 37. Bf8+ Kd7 38. Bxd6 Rxd6 39. Rg7 Qe6 40. Rxh7 Rd4 41. Qf2 Rd3 42. Rg7 c4 43. Rg3 Rd6 44. Re3 Qd5 45. Rfe1 Kc8 46. Re8+ Rd8 47. R8e7 c3 0-1

[Event "CHN-chT"]
[Site "Qingdao"]
[Date "2024.04.02"]
[Round "1.1"]
[White "Wen, Yang"]
[Black "Xu, Yi"]
[Result "1/2-1/2"]
[WhiteElo "2575"]
[BlackElo "2495"]
[PlyCount "67"]
[EventDate "2024.04.02"]
[EventType "team-swiss"]
[EventRounds "9"]
[EventCountry "CHN"]
[SourceTitle "CB16_2024"]
[SourceDate "2024.04.17"]
[SourceVersion "1"]
[SourceVersionDate "2024.04.17"]
[SourceQuality "1"]
[WhiteTeam "Shandong"]
[BlackTeam "Shanghai"]
[WhiteTeamCountry "CHN"]
[BlackTeamCountry "CHN"]

1. Nf3 d5 2. d4 Nf6 3. c4 e6 4. g3 Be7 5. Bg2 0-0 6. 0-0 dxc4 7. Qc2 a6 8. a4 Bd7 9. Qxc4 Bc6 10. Bg5 Bd5 11. Qc2 Be4 12. Qd1 c5 13. Nbd2 Bc6 14. dxc5 Bxc5 15. Nb3 Be7 16. Ne5 Bxg2 17. Kxg2 h6 18. Be3 Nbd7 19. Nxd7 Qxd7 20. Qd3 Qd6 21. Qxd6 Nd7 22. Qd1 Nf6 23. Qd7 Nxd7 24. Rfd1 Nf6 25. Rac1 Nd5 26. Bc5 Bxc5 27. Nxc5 b6 28. Nd3 Rac8 29. Kf3 Rfd8 30. h4 Kf8 31. e3 Ke8 32. Ke2 Ne7 33. e4 Rxc1 34. Nxc1 1/2-1/2

[Event "Titled Tuesday intern op 02nd Apr Early"]
[Site "Chess.com INT"]
[Date "2024.04.02"]
[Round "11"]
[White "Xu, Yi"]
[Black "Indjic, Aleksandar"]
[Result "0-1"]
[WhiteElo "2495"]
[BlackElo "2600"]
[PlyCount "70"]
[EventDate "2024.04.02"]
[EventType "swiss (blitz)"]
[EventRounds "11"]
[EventCountry "USA"]
[SourceTitle "CB15_2024"]
[SourceDate "2024.04.10"]
[SourceVersion "1"]
[SourceVersionDate "2024.04.10"]
[SourceQuality "1"]

1. e4 c5 2. Nf3 d6 3. Bb5+ Nd7 4. d4 a6 5. Bxd7+ Bxd7 6. dxc5 dxc5 7. 0-0 e6 8. Nc3 Ne7 9. Bg5 f6 10. Be3 Nc6 11. e5 f5 12. Qe2 Qc7 13. Rad1 Be7 14. h4 h6 15. Bf4 g5 16. hxg5 hxg5 17. Bxg5 Nd4 18. Nxd4 Bxg5 19. Nf3 Be7 20. Rd2 0-0-0 21. Rfd1 Bc6 22. Rxd8+ Bxd8 23. Qc4 Qh7 24. Kf1 Qh1+ 25. Ke2 Qxg2 26. Qxe6+ Kb8 27. Nd5 Bb5+ 28. Ke3 Rh3 29. Qd6+ Ka7 30. Kd2 Rxf3 31. Qxd8 Rxf2+ 32. Kc3 Rxc2+ 33. Kb3 Rxb2+ 34. Ka3 Rxa2+ 35. Kb3 Qb2# 0-1

[Event "Titled Tuesday intern op 12th Mar Early"]
[Site "Chess.com INT"]
[Date "2024.03.12"]
[Round "7"]
[White "Makarian, Rudik"]
[Black "Xu, Yi"]
[Result "1-0"]
[WhiteElo "2525"]
[BlackElo "2495"]
[PlyCount "143"]
[EventDate "2024.03.12"]
[EventType "swiss (blitz)"]
[EventRounds "11"]
[EventCountry "USA"]
[SourceTitle "CB12_2024"]
[SourceDate "2023.10.01"]
[SourceVersion "1"]
[SourceVersionDate "2023.10.01"]
[SourceQuality "1"]

1. c4 e5 2. Nc3 Bb4 3. Qb3 Bxc3 4. Qxc3 d6 5. e3 Nc6 6. b4 Nf6 7. Bb2 0-0 8. a3 Be6 9. Nf3 h6 10. d3 a5 11. Be2 axb4 12. axb4 Rxa1+ 13. Bxa1 b5 14. 0-0 bxc4 15. dxc4 Ne7 16. Nd2 Ng6 17. Bb2 d5 18. cxd5 Nxd5 19. Qc1 Nxb4 20. Rd1 Nd3 21. Bxd3 Qxd3 22. Nf3 Qc4 23. Qxc4 Bxc4 24. Nxe5 Nxe5 25. Bxe5 c6 26. h4 h5 27. Ra1 Rd8 28. Bd4 f6 29. Ra7 Be6 30. Kh2 Rd7 31. Ra6 Bd5 32. Kg3 Kf7 33. f3 Kg6 34. Bc5 Rc7 35. e4 Bc4 36. Ra4 Bb5 37. Rd4 Kf7 38. Rd8 Ba6 39. Kf4 Rc8 40. Rd6 Bc4 41. Rd7+ Kg6 42. Bd4 c5 43. Bc3 Be6 44. Re7 Bb3 45. e5 fxe5+ 46. Bxe5 Rf8+ 47. Kg3 Rf7 48. Re8 c4 49. Rc8 Re7 50. Bd4 Rd7 51. Rc6+ Kf7 52. Bc3 Rd3 53. Rc7+ Ke6 54. Bxg7 Rd2 55. Rc5 Kf7 56. Bc3 Rd3 57. Bb2 Kg6 58. Rg5+ Kh6 59. Rc5 Kg6 60. Rg5+ Kh6 61. Bc1 Rd1 62. Bf4 Kh7 63. Rxh5+ Kg8 64. Rc5 Rd3 65. h5 c3 66. Rc8+ Kf7 67. Rc7+ Kf6 68. h6 c2 69. h7 Rd8 70. Bc1 Kg6 71. Bb2 Be6 72. h8Q 1-0

[Event "Titled Tuesday intern op 12th Mar Early"]
[Site "Chess.com INT"]
[Date "2024.03.12"]
[Round "6"]
[White "Xu, Yi"]
[Black "Hoffmann, Asa"]
[Result "1-0"]
[WhiteElo "2495"]
[BlackElo "2185"]
[PlyCount "67"]
[EventDate "2024.03.12"]
[EventType "swiss (blitz)"]
[EventRounds "11"]
[EventCountry "USA"]
[SourceTitle "CB12_2024"]
[SourceDate "2023.10.01"]
[SourceVersion "1"]
[SourceVersionDate "2023.10.01"]
[SourceQuality "1"]

1. e4 d6 2. d4 c6 3. Nc3 a6 4. f4 d5 5. e5 h5 6. Nf3 Bg4 7. Be3 e6 8. h3 Bxf3 9. Qxf3 g6 10. Bd3 h4 11. 0-0 Qc7 12. Ne2 Nh6 13. b3 Nf5 14. Bf2 Nd7 15. c4 Be7 16. Rac1 Qa5 17. Rc2 0-0-0 18. cxd5 Qxd5 19. Be4 Qa5 20. d5 exd5 21. Bxd5 Nb8 22. Bxf7 Rd2 23. Rxd2 Qxd2 24. Bxg6 Ng3 25. Nxg3 hxg3 26. Qxg3 Nd7 27. Bf5 Bh4 28. Qd3 Bxf2+ 29. Rxf2 Qxd3 30. Bxd3 Nc5 31. Bf5+ Kd8 32. Rc2 Rf8 33. Rxc5 Rxf5 34. g3 1-0

[Event "Titled Tuesday intern op 12th Mar Early"]
[Site "Chess.com INT"]
[Date "2024.03.12"]
[Round "8"]
[White "Xu, Yi"]
[Black "Madaminov, Mukhiddin"]
[Result "0-1"]
[WhiteElo "2495"]
[BlackElo "2512"]
[PlyCount "84"]
[EventDate "2024.03.12"]
[EventType "swiss (blitz)"]
[EventRounds "11"]
[EventCountry "USA"]
[SourceTitle "CB12_2024"]
[SourceDate "2023.10.01"]
[SourceVersion "1"]
[SourceVersionDate "2023.10.01"]
[SourceQuality "1"]

1. e4 e5 2. Nf3 Nf6 3. Nxe5 d6 4. Nf3 Nxe4 5. Bd3 Nf6 6. 0-0 Be7 7. Re1 0-0 8. h3 d5 9. Bf1 Bd6 10. d4 Ne4 11. Nbd2 Bf5 12. Bd3 Re8 13. Nf1 Bg6 14. Be3 Nd7 15. c3 c6 16. Qc2 Nf8 17. N3d2 Nxd2 18. Qxd2 Qd7 19. Bxg6 Nxg6 20. Qd3 Re4 21. f3 Re6 22. Bd2 Rae8 23. Rxe6 fxe6 24. Re1 e5 25. dxe5 Nxe5 26. Qb1 Nc4 27. b3 Nxd2 28. Nxd2 Be5 29. Qd3 b5 30. b4 Bg3 31. Rxe8+ Qxe8 32. Nf1 Bc7 33. g4 Qe5 34. Kg2 Bb6 35. Qd2 g6 36. Ng3 Bc7 37. Nf1 Kf7 38. h4 a5 39. a3 a4 40. Kf2 Qf6 41. Qh6 Kg8 42. h5 Bf4 0-1

[Event "Titled Tuesday intern op 12th Mar Early"]
[Site "Chess.com INT"]
[Date "2024.03.12"]
[Round "1"]
[White "Xu, Yi"]
[Black "Perossa, Nicolas"]
[Result "1-0"]
[WhiteElo "2495"]
[BlackElo "2266"]
[PlyCount "131"]
[EventDate "2024.03.12"]
[EventType "swiss (blitz)"]
[EventRounds "11"]
[EventCountry "USA"]
[SourceTitle "CB12_2024"]
[SourceDate "2023.10.01"]
[SourceVersion "1"]
[SourceVersionDate "2023.10.01"]
[SourceQuality "1"]

1. e4 e5 2. Nf3 Nc6 3. Bc4 Nf6 4. d3 Bc5 5. 0-0 d6 6. c3 a5 7. Nbd2 0-0 8. h3 Ba7 9. Re1 Be6 10. Bb5 Ne7 11. d4 Ng6 12. Ba4 c6 13. Bc2 b5 14. a4 b4 15. Nf1 c5 16. d5 Bd7 17. c4 Bb6 18. Ng3 Qc8 19. b3 Bd8 20. Bd3 Be7 21. Bb2 Nf4 22. Bf1 h5 23. Qd2 h4 24. Nxh4 N6xd5 25. Nhf5 Bxf5 26. Nxf5 Bg5 27. cxd5 Nxh3+ 28. gxh3 Bxd2 29. Ne7+ Kh7 30. Nxc8 Bxe1 31. Nb6 Bd2 32. Nxa8 Rxa8 33. Rd1 Bf4 34. Bc1 g5 35. Bxf4 gxf4 36. Be2 Kg6 37. Kh2 Kf6 38. Rg1 Rc8 39. h4 f3 40. Bc4 Rh8 41. Rg4 Ke7 42. Kg3 Rh6 43. Kxf3 Rf6+ 44. Kg3 Rh6 45. f3 Rf6 46. h5 Rh6 47. Kh4 Rh8 48. Rg5 Kf6 49. Kg4 Rf8 50. h6 Rh8 51. Kh5 Ke7 52. Rf5 f6 53. f4 Rh7 54. fxe5 fxe5 55. Kg6 Rh8 56. Kg7 Re8 57. Rf7+ Kd8 58. Rf8 Ke7 59. Rxe8+ Kxe8 60. h7 Kd7 61. h8Q Ke7 62. Qf8+ Kd7 63. Qf7+ Kd8 64. Bb5 Kc8 65. Bc6 Kb8 66. Qb7# 1-0

[Event "Titled Tuesday intern op 13th Feb Early"]
[Site "Chess.com INT"]
[Date "2024.02.13"]
[Round "4"]
[White "Vardanyan, Aras"]
[Black "Xu, Yi"]
[Result "0-1"]
[WhiteElo "2299"]
[BlackElo "2495"]
[PlyCount "46"]
[EventDate "2024.02.13"]
[EventType "swiss (blitz)"]
[EventRounds "11"]
[EventCountry "USA"]
[SourceTitle "CB08_2024"]
[SourceDate "2024.02.21"]
[SourceVersion "1"]
[SourceVersionDate "2024.02.21"]
[SourceQuality "1"]

1. c4 e5 2. g3 Nf6 3. Bg2 Bc5 4. Nc3 0-0 5. Nf3 d6 6. 0-0 c6 7. d4 exd4 8. Nxd4 a5 9. b3 Nbd7 10. Bb2 Re8 11. e3 Nf8 12. h3 Ng6 13. Qd2 Bd7 14. Rad1 Qc8 15. Kh2 Re5 16. Nf3 Rh5 17. Ng1 Ne5 18. Na4 Bxh3 19. Bxe5 Ng4+ 20. Kh1 Bxg2+ 21. Kxg2 Rh2+ 22. Kf3 Nxe5+ 23. Ke4 Qg4+ 0-1

[Event "Titled Tuesday intern op 13th Feb Early"]
[Site "Chess.com INT"]
[Date "2024.02.13"]
[Round "10"]
[White "Xu, Yi"]
[Black "Garcia Blanco, Omar"]
[Result "1-0"]
[WhiteElo "2495"]
[BlackElo "2375"]
[PlyCount "85"]
[EventDate "2024.02.13"]
[EventType "swiss (blitz)"]
[EventRounds "11"]
[EventCountry "USA"]
[SourceTitle "CB08_2024"]
[SourceDate "2024.02.21"]
[SourceVersion "1"]
[SourceVersionDate "2024.02.21"]
[SourceQuality "1"]

1. e4 e5 2. Nf3 Nc6 3. Bc4 Nf6 4. d3 Be7 5. Rg1 d6 6. Nc3 Na5 7. h3 Nxc4 8. dxc4 Be6 9. b3 b6 10. Bg5 Nd7 11. Bxe7 Qxe7 12. Nd5 Qd8 13. a4 a5 14. g4 Nc5 15. Qe2 Nd7 16. 0-0-0 Nf8 17. h4 Bxd5 18. cxd5 Ng6 19. h5 Nf4 20. Qe3 h6 21. Kb2 Qf6 22. Qc3 0-0-0 23. Qc4 g6 24. hxg6 fxg6 25. Rg3 g5 26. Ne1 Qf7 27. Rc3 Kb8 28. f3 Qd7 29. Rd2 h5 30. gxh5 Rxh5 31. Ng2 Rh3 32. Rf2 Rf8 33. Ne3 Rf7 34. Nf5 Ng6 35. Qa6 Nh4 36. Rc6 Qc8 37. Qb5 Nxf5 38. exf5 Rxf5 39. b4 axb4 40. a5 Ka7 41. axb6+ Ka8 42. bxc7 Rf4 43. Ra6+ 1-0

[Event "Titled Tuesday intern op 13th Feb Early"]
[Site "Chess.com INT"]
[Date "2024.02.13"]
[Round "1"]
[White "Xu, Yi"]
[Black "Guttula, Balaji"]
[Result "1-0"]
[WhiteElo "2495"]
[BlackElo "2278"]
[PlyCount "157"]
[EventDate "2024.02.13"]
[EventType "swiss (blitz)"]
[EventRounds "11"]
[EventCountry "USA"]
[SourceTitle "CB08_2024"]
[SourceDate "2024.02.21"]
[SourceVersion "1"]
[SourceVersionDate "2024.02.21"]
[SourceQuality "1"]

1. e4 c5 2. Nf3 g6 3. c3 Bg7 4. d4 cxd4 5. cxd4 d5 6. e5 Nc6 7. Bb5 Bg4 8. 0-0 Nh6 9. Nbd2 0-0 10. h3 Bxf3 11. Nxf3 Rc8 12. Bxc6 Rxc6 13. Bf4 f6 14. Qd2 Nf7 15. Rfe1 Qb6 16. h4 Rfc8 17. h5 Rc2 18. Qd3 f5 19. Qe3 e6 20. hxg6 hxg6 21. Nh4 Nh8 22. Qg3 Kf7 23. Nf3 Rxb2 24. Qh4 Rcc2 25. Ng5+ Kf8 26. Rac1 Nf7 27. Nh7+ Kg8 28. Nf6+ Bxf6 29. Qxf6 Qxd4 30. Qxg6+ Kf8 31. Be3 Qxe5 32. Rxc2 Rxc2 33. Bh6+ Nxh6 34. Rxe5 Rc1+ 35. Kh2 Ng4+ 36. Kg3 Rc3+ 37. f3 Nxe5 38. Qf6+ Nf7 39. Qxc3 Ke7 40. Qc7+ Kf6 41. Qxb7 d4 42. Qxa7 e5 43. Qb6+ Kg5 44. f4+ exf4+ 45. Kf2 Ne5 46. Qxd4 Ng4+ 47. Kg1 Ne3 48. Qg7+ Kh4 49. a4 Ng4 50. a5 Kg3 51. a6 f3 52. gxf3 Kxf3 53. a7 Kg3 54. a8Q Kf4 55. Qd4+ Kg3 56. Qg2+ Kh4 57. Qh8+ Kg5 58. Qh6+ Kxh6 59. Qg3 Kg5 60. Kg2 Kg6 61. Qf4 Kf6 62. Kf3 Ne5+ 63. Ke3 Ng4+ 64. Kd4 Kg6 65. Kd5 Kf6 66. Kd6 Kg6 67. Ke6 Nh6 68. Qg3+ Ng4 69. Qf3 Nh6 70. Qf4 Kg7 71. Qg5+ Kh7 72. Kf6 Ng8+ 73. Kxf5 Nh6+ 74. Ke6 Ng8 75. Kf7 Nh6+ 76. Kf8 Nf5 77. Qxf5+ Kh6 78. Qg4 Kh7 79. Qh5# 1-0

[Event "Titled Tuesday intern op 13th Feb Early"]
[Site "Chess.com INT"]
[Date "2024.02.13"]
[Round "3"]
[White "Xu, Yi"]
[Black "Khamdamova, Afruza"]
[Result "1-0"]
[WhiteElo "2495"]
[BlackElo "2327"]
[PlyCount "69"]
[EventDate "2024.02.13"]
[EventType "swiss (blitz)"]
[EventRounds "11"]
[EventCountry "USA"]
[SourceTitle "CB08_2024"]
[SourceDate "2024.02.21"]
[SourceVersion "1"]
[SourceVersionDate "2024.02.21"]
[SourceQuality "1"]

1. e4 e5 2. Nf3 Nf6 3. Nxe5 d6 4. Nd3 Nxe4 5. Qe2 Qe7 6. Nf4 c6 7. d4 d5 8. f3 Nd6 9. Nc3 Bf5 10. Qxe7+ Bxe7 11. Bd3 Bf6 12. Nce2 0-0 13. Bxf5 Nxf5 14. c3 Nd7 15. g4 Nd6 16. h4 Rae8 17. Kf2 Bd8 18. Nd3 Bc7 19. Bf4 Nb5 20. a4 Bxf4 21. Nexf4 Nd6 22. Rhe1 Rxe1 23. Rxe1 Re8 24. Ra1 f6 25. a5 a6 26. b3 Kf7 27. Rc1 Rc8 28. c4 dxc4 29. bxc4 c5 30. d5 Re8 31. Ne6 Ne5 32. Nxe5+ fxe5 33. Nxc5 Rc8 34. Ne4 Rxc4 35. Nxd6+ 1-0

[Event "Titled Tuesday intern op 13th Feb Early"]
[Site "Chess.com INT"]
[Date "2024.02.13"]
[Round "6"]
[White "Xu, Yi"]
[Black "Makarian, Rudik"]
[Result "0-1"]
[WhiteElo "2495"]
[BlackElo "2525"]
[PlyCount "154"]
[EventDate "2024.02.13"]
[EventType "swiss (blitz)"]
[EventRounds "11"]
[EventCountry "USA"]
[SourceTitle "CB08_2024"]
[SourceDate "2024.02.21"]
[SourceVersion "1"]
[SourceVersionDate "2024.02.21"]
[SourceQuality "1"]

1. e4 c5 2. Nf3 d6 3. Bb5+ Nd7 4. d4 cxd4 5. Nxd4 Ngf6 6. 0-0 a6 7. Bd3 b6 8. c4 Bb7 9. Nc3 e6 10. Re1 Be7 11. f3 0-0 12. Be3 Qc7 13. Rc1 Rac8 14. Bf1 Rfe8 15. Qd2 Qb8 16. Qf2 Bd8 17. Kh1 Bc7 18. Qg1 h5 19. b4 Ne5 20. Nb3 h4 21. Red1 h3 22. Bxb6 hxg2+ 23. Bxg2 Bxb6 24. Qxb6 Nxc4 25. Qf2 Ba8 26. Nd2 Qxb4 27. Nxc4 Rxc4 28. Ne2 Rxc1 29. Rxc1 e5 30. Ng3 d5 31. exd5 Bxd5 32. Re1 Bxa2 33. Ra1 Bc4 34. Nf5 Be6 35. Ne3 a5 36. Qg3 Qd4 37. Qe1 a4 38. Nc2 Qb2 39. Na3 e4 40. fxe4 Bd5 41. Qc1 Qxc1+ 42. Rxc1 Bxe4 43. Bxe4 Rxe4 44. Rc8+ Kh7 45. Ra8 g5 46. Kg2 Re2+ 47. Kf3 Rxh2 48. Rxa4 Rh3+ 49. Kg2 Rb3 50. Nc4 Kg7 51. Ra7 Ng4 52. Nd6 Nh6 53. Ra4 Kg6 54. Ra6 Rb2+ 55. Kg3 Nf5+ 56. Kg4 Nxd6 57. Rxd6+ f6 58. Rd8 Rb4+ 59. Kg3 f5 60. Rd6+ Kf7 61. Rc6 Rb3+ 62. Kf2 Rd3 63. Rb6 g4 64. Rc6 Rf3+ 65. Kg2 Re3 66. Rb6 Re6 67. Rb5 Kf6 68. Kg3 Re3+ 69. Kf2 Rf3+ 70. Kg2 Kg5 71. Rb8 Ra3 72. Rc8 Ra2+ 73. Kg1 f4 74. Rc3 g3 75. Rb3 Kg4 76. Rb8 Ra1+ 77. Kg2 f3# 0-1

[Event "Titled Tuesday intern op 06th Feb Early"]
[Site "Chess.com INT"]
[Date "2024.02.06"]
[Round "10"]
[White "Kanyamarala, Trisha"]
[Black "Xu, Yi"]
[Result "0-1"]
[WhiteElo "2243"]
[BlackElo "2495"]
[PlyCount "54"]
[EventDate "2024.02.06"]
[EventType "swiss (blitz)"]
[EventRounds "11"]
[EventCountry "USA"]
[SourceTitle "CB07_2024"]
[SourceDate "2024.02.14"]
[SourceVersion "1"]
[SourceVersionDate "2024.02.14"]
[SourceQuality "1"]

1. c4 e5 2. Nc3 f5 3. g3 Nf6 4. Bg2 g6 5. Nf3 d6 6. d3 Bg7 7. 0-0 0-0 8. Rb1 h6 9. b4 g5 10. a4 f4 11. c5 Nc6 12. b5 Ne7 13. cxd6 cxd6 14. Ba3 Be6 15. Nd2 Qd7 16. Nde4 Nxe4 17. Nxe4 Nf5 18. g4 Nh4 19. h3 Bxg4 20. hxg4 Qxg4 21. Ng3 fxg3 22. Qb3+ Kh8 23. fxg3 Qxg3 24. Qd5 Rf3 25. Qxf3 Nxf3+ 26. Rxf3 Qg4 27. Bxd6 Qd4+ 0-1

[Event "Titled Tuesday intern op 06th Feb Early"]
[Site "Chess.com INT"]
[Date "2024.02.06"]
[Round "8"]
[White "Smirnov, Mark1"]
[Black "Xu, Yi"]
[Result "0-1"]
[WhiteElo "2152"]
[BlackElo "2495"]
[PlyCount "66"]
[EventDate "2024.02.06"]
[EventType "swiss (blitz)"]
[EventRounds "11"]
[EventCountry "USA"]
[SourceTitle "CB07_2024"]
[SourceDate "2024.02.14"]
[SourceVersion "1"]
[SourceVersionDate "2024.02.14"]
[SourceQuality "1"]

1. e4 c6 2. d4 d5 3. Nc3 dxe4 4. Nxe4 Nf6 5. Nxf6+ exf6 6. c3 Bd6 7. Bd3 0-0 8. Qc2 h5 9. Ne2 Re8 10. 0-0 h4 11. h3 Nd7 12. c4 Nf8 13. Be3 Bc7 14. Rfe1 g5 15. c5 Kg7 16. Nc3 Ng6 17. Rad1 Be6 18. Be4 Ne7 19. d5 cxd5 20. Bf3 Qd7 21. Bd4 Rad8 22. Qd2 Bf4 23. Qd3 Bf5 24. Qf1 Bc2 25. Ra1 Bb8 26. Rxe7 Qxe7 27. g3 hxg3 28. Nxd5 Rxd5 29. Bxd5 Qd7 30. Qc4 Qxh3 31. fxg3 Qxg3+ 32. Bg2 Be4 33. Qf1 Qh2+ 0-1

[Event "Titled Tuesday intern op 06th Feb Early"]
[Site "Chess.com INT"]
[Date "2024.02.06"]
[Round "4"]
[White "Xu, Yi"]
[Black "Kurmangaliyeva, Liya"]
[Result "1-0"]
[WhiteElo "2495"]
[BlackElo "2240"]
[PlyCount "51"]
[EventDate "2024.02.06"]
[EventType "swiss (blitz)"]
[EventRounds "11"]
[EventCountry "USA"]
[SourceTitle "CB07_2024"]
[SourceDate "2024.02.14"]
[SourceVersion "1"]
[SourceVersionDate "2024.02.14"]
[SourceQuality "1"]

1. d4 d5 2. c4 dxc4 3. Nf3 Nf6 4. e3 e6 5. Bxc4 c5 6. 0-0 a6 7. Qe2 b5 8. Bb3 Bb7 9. Rd1 Nbd7 10. Nc3 Rc8 11. e4 cxd4 12. Nxd4 Qb6 13. e5 Bc5 14. Nxe6 fxe6 15. exf6 Nxf6 16. Bxe6 Rc7 17. Nd5 Bxd5 18. Bxd5+ Re7 19. Qf3 Rf8 20. Bc6+ Kf7 21. Bd5+ Ke8 22. Bg5 Ne4 23. Qh5+ g6 24. Qg4 Bxf2+ 25. Kh1 Rd7 26. Qxe4+ 1-0